000
00290nam a2200097Ia 4500
008
220204s9999 xx 000 0 und d
082
_a
31(048.3)(540)
_b
STA;1
245
0
_a
Statistical abstract 1992
260
_a
New Delhi
_b
Ministry of Planning and Programme implementation
_c
1994
942
_c
BK
999
_c
43743
_d
43743